Zes dichtstbijzijnde landen: Singapore - Statistieken

Algemene statistieken
  • Deze quiz is 22 keer genomen
  • De gemiddelde score is 4 van 6
Antwoordstatistieken
km land % Correct
6 Indonesië
93%
1 Maleisië
87%
524 Thailand
80%
797 Vietnam
60%
998 Cambodja
47%
1109 Myanmar
33%
Geen overeenkomende quizzen gevonden
Scoreverdeling
Procent van Mensen met Elke Score
Percentiel versus Aantal Correcte Antwoorden
Uw Scoregeschiedenis
U heeft deze quiz nog niet genomen